000 03281cam a2200385 4500500
005 20251228073821.0
041 _afre
042 _adc
100 1 0 _aLe Breton, Élisabeth
_eauthor
245 0 0 _aLe Dioscure du Quirinal dans la Gypsothèque du Musée du Louvre
260 _c2012.
500 _a69
520 _aRésuméLa restauration, en 2006-2007, d’un moulage du groupe dit « des Dioscures de Monte Cavallo », conservé dans la Gypsothèque du Musée du Louvre à Versailles, dans la Petite Écurie du Roi, a offert l’occasion de se pencher sur son histoire mouvementée. Comment naquit l’idée d’obtenir un moulage aussi imposant, quand et à quelle fin ? Depuis leur installation au xvie s., à Rome, sur la colline du Quirinal, ces colosses ne cessent de fasciner et l’Europe entière cherche alors à obtenir une prise d’empreinte. Des projets sont lancés très tôt en France, mais il faudra attendre 1823 pour qu’enfin les creux d’un des Dioscures arrivent au Louvre, venant de Rome via Londres. Le tirage en plâtre passera en 1868 à l’École impériale des Beaux-Arts, d’où il sera évacué en 1970, en pièces découpées, vers les Écuries du Roi à Versailles. Affecté au Département des antiquités grecques, étrusques et romaines du Musée du Louvre en 2001, ce moulage colossal est maintenant redressé sous la rotonde de la Gypsothèque.
520 _aThe “Quirinal Dioscure” in the Louvre Museum’s GypsothekThe restoration of the “Monte Cavallo Dioscure” cast in 2006-2007 offers us the opportunity to take a glance at its tormented history up to its arrival in the Louvre Museum’s cast collection at Versailles’s Petites Écuries du Roi. How did the idea of such an imposing cast appear and to what ends? Since its irection on Rome’s Quirinal in the 6th cent. ad, the original group has never ceased to spark fascination in European courts, and all over Europe, monarchs repeatedly requested permission to make casts of the group. French projects were soon planned, but only in 1823 were casts finally obtained for the Louvre, from Rome via London. In 1868, the cast was transferred to the École Impériale des Beaux-Arts; however, in 1970, it ended its stay chopped down in pieces and evacuated to the Petites Ecuries du Roi in Versailles. Put under the supervision of the Department of Greek, Etruscan and Roman antiquities of the Louvre Museum in 2001, this colossal cast is now re-erected in the Gypstothek’s rotunda.
690 _aDioscure
690 _aGypsothèque de Versailles
690 _ahistoire de l’archéologie
690 _amonde romain
690 _amoulages de statues
690 _aMusée du Louvre
690 _arestauration
690 _aRome
690 _aarchaeology history
690 _aDioscuri
690 _aEarl of Forbin
690 _aLouvre Museum
690 _aParis’ École des Beaux-Arts
690 _arestoration
690 _aRoman world
690 _aRome
690 _asculpture casts
690 _aVersailles’ Gypsothek
786 0 _nRevue archéologique | 54 | 2 | 2012-12-30 | p. 275-295 | 0035-0737
856 4 1 _uhttps://shs.cairn.info/revue-archeologique-2012-2-page-275?lang=fr&redirect-ssocas=7080
999 _c1596094
_d1596094